00365 2200157 4500001002100000005001500021008004100036020002200077035001900099041000700118082001000125090001600135100001600151245001400167260002600181INLIS00000000002076120241224130912241224||||||||| | ||| |||| || |  a978-602-8394-75-8 0010-1224020761 aid0 a662.8 a662.8 NUR b0 aNur Richana00aBIOETANOL aBandungbNuansac2011